| 000 | 01025nam a2200277 a 4500 | ||
|---|---|---|---|
| 001 | 000017186 | ||
| 005 | 20241010113235.0 | ||
| 008 | 100319s1984 dr r 000 0 spa d | ||
| 040 |
_aDO-SdBNP _bspa _cBNPHU |
||
| 082 |
_a371.102 _bD555g |
||
| 245 | 0 | 0 |
_aDidáctica general / _cAna Dolores Guzmán de Camacho... [et. al.] ; Presentación Ismael Paniagua. |
| 250 | _a2a ed. | ||
| 260 |
_aSanto Domingo : _bUniversidad Autónoma de Santo Domingo _bDepartamento de Pedagogía, _c1984. |
||
| 300 |
_a375 p. ; _c28 cm. |
||
| 500 | _aIncluye notas al pie de las páginas | ||
| 504 | _aBibliografía : p. 373-375 | ||
| 650 | 0 |
_aPedagogía _9693 |
|
| 650 | 4 |
_aMetodología en pedagogia _917525 |
|
| 700 | 1 |
_aGuzmán Camacho, Ana Dolores de _937817 |
|
| 700 | 1 |
_aMelo Cardona, Ligia Amado de _937818 |
|
| 700 | 1 |
_aCotes, Josefina Mercedes de _937819 |
|
| 700 | 1 |
_aGermán Sosa, Alejandrina de _937578 |
|
| 700 | 1 |
_aPeña, Teresa _937820 |
|
| 700 | 1 |
_aContreras Fani, Israel Eduardo _937821 |
|
| 700 | 1 |
_aFlorencio, Angela _926942 |
|
| 999 |
_c16712 _d16712 |
||